Postharvest technology and commodity marketing : (Record no. 1641)
[ view plain ]
| 000 -LEADER | |
|---|---|
| fixed length control field | 00951cam a2200217 a 4500 |
| 001 - CONTROL NUMBER | |
| control field | 11881992 |
| 005 - DATE AND TIME OF LATEST TRANSACTION | |
| control field | 20241127154424.0 |
| 008 - FIXED-LENGTH DATA ELEMENTS--GENERAL INFORMATION | |
| fixed length control field | 000105s1998 gh a b 100 0 eng |
| 020 ## - INTERNATIONAL STANDARD BOOK NUMBER | |
| International Standard Book Number | 9781311118 |
| 050 00 - LIBRARY OF CONGRESS CALL NUMBER | |
| Classification number | SB129 |
| Item number | .P69 1998 |
| 082 00 - DEWEY DECIMAL CLASSIFICATION NUMBER | |
| Classification number | 631.5/6/0966 |
| Edition information | 21 |
| 245 10 - TITLE STATEMENT | |
| Title | Postharvest technology and commodity marketing : |
| Remainder of title | proceedings of a postharvest conference 2 Nov. to 1 Dec. 1995, Accra, Ghana / |
| Statement of responsibility, etc. | edited by R.S.B. Ferris. |
| 260 ## - PUBLICATION, DISTRIBUTION, ETC. | |
| Place of publication, distribution, etc. | Ibadan, Nigeria : |
| Name of publisher, distributor, etc. | International Institute of Tropical Agriculture, |
| Date of publication, distribution, etc. | c1998. |
| 300 ## - PHYSICAL DESCRIPTION | |
| Extent | 300 p. : |
| Other physical details | ill. ; |
| Dimensions | 28 cm. |
| 500 ## - GENERAL NOTE | |
| General note | "Proceedings, Conference on Postharvest Technology and Commodity Marketing in West Africa"--T.p. verso. |
| 650 #0 - SUBJECT ADDED ENTRY--TOPICAL TERM | |
| Topical term or geographic name entry element | Crops |
| General subdivision | Postharvest technology |
| Geographic subdivision | Africa, Sub-Saharan |
| Form subdivision | Congresses. |
| 650 #0 - SUBJECT ADDED ENTRY--TOPICAL TERM | |
| Topical term or geographic name entry element | Farm produce |
| Geographic subdivision | Africa, Sub-Saharan |
| General subdivision | Marketing |
| Form subdivision | Congresses. |
| 700 1# - ADDED ENTRY--PERSONAL NAME | |
| Personal name | Ferris, R. S. B. |
| 710 2# - ADDED ENTRY--CORPORATE NAME | |
| Corporate name or jurisdiction name as entry element | International Institute of Tropical Agriculture. |
| 942 ## - ADDED ENTRY ELEMENTS (KOHA) | |
| Source of classification or shelving scheme | Library of Congress Classification |
| Koha item type | Books |
| Suppress in OPAC | No |
| 999 ## - | |
| -- | 1641 |
| -- | 1641 |
| Withdrawn status | Lost status | Source of classification or shelving scheme | Damaged status | Not for loan | Home library | Current library | Date acquired | Total checkouts | Barcode | Date last seen | Price effective from | Koha item type |
|---|---|---|---|---|---|---|---|---|---|---|---|---|
| Dewey Decimal Classification | Graduate Library (Christ Temple) | Graduate Library (Christ Temple) | 11/27/2024 | gsct00000148 | 11/27/2024 | 11/27/2024 | Books |